A Text Book on Environmental Biology (Record no. 490322)

MARC details
000 -LEADER
fixed length control field 00576nam a2200205Ia 4500
008 - FIXED-LENGTH DATA ELEMENTS--GENERAL INFORMATION
fixed length control field 210417s9999 xx 000 0 und d
020 ## - INTERNATIONAL STANDARD BOOK NUMBER
International Standard Book Number 9789350562314
-- 9350562316
082 ## - DEWEY DECIMAL CLASSIFICATION NUMBER
Classification number 577 ZAH
Item number 22.577 ZAH
245 #2 - TITLE STATEMENT
Title A Text Book on Environmental Biology
Statement of responsibility, etc. Text Book on Environmental Biology
250 ## - EDITION STATEMENT
Edition statement 1
Remainder of edition statement "392p.;24cm.,hbk."
260 ## - PUBLICATION, DISTRIBUTION, ETC.
Place of publication, distribution, etc. Newdelhi
Name of publisher, distributor, etc. Discovery Publications House Pvt Ltd
Date of publication, distribution, etc. 2016
700 ## - ADDED ENTRY--PERSONAL NAME
Personal name "Zaheed, Imtiyaz Hussain "
Numeration Imtiyaz Hussain Zaheed and Rafiuddin Naser
Holdings
Withdrawn status Lost status Source of classification or shelving scheme Damaged status Not for loan Home library Current library Shelving location Date acquired Full call number Barcode Date last seen Price effective from Koha item type
    Dewey Decimal Classification     Anna Centenary Library Anna Centenary Library 5TH FLOOR, A WING 17.04.2021 577 ZAH 610822 17.04.2021 17.04.2021 English Books

Find us on the map